000 00554nam a22001817a 4500
005 20251108172426.0
008 250721s9999 xx 000 0 ara d
082 1 4 _a915.64/جبر
100 1 _aجبر، يحيى
245 1 0 _aأعلام الجغرافية الفلسطينية بين الطمس والتحريف /
264 1 _aرام الله :
_bوزارة الإعلام الفلسطينية،
300 _a105ص
650 1 7 _aالجغرافيا
650 1 7 _aفلسطين
650 1 7 _aالتحريف
942 _2ddc
_cBK
999 _c78993
_d78993